Managerial Economics (Record no. 747)

MARC details
000 -LEADER
fixed length control field 00409nam a22001697a 4500
005 - DATE AND TIME OF LATEST TRANSACTION
control field 20180321105919.0
008 - FIXED-LENGTH DATA ELEMENTS--GENERAL INFORMATION
fixed length control field 160513b xxu||||| |||| 00| 0 eng d
020 ## - INTERNATIONAL STANDARD BOOK NUMBER
ISBN 978-81-203-2731-3
041 ## - LANGUAGE CODE
Language code of text/sound track or separate title eng
082 ## - DEWEY DECIMAL CLASSIFICATION NUMBER
Item number 2049
Classification number 338.502 465 8
100 ## - MAIN ENTRY--AUTHOR NAME
Personal name Maheswari,Yogesh
245 ## - TITLE STATEMENT
Title Managerial Economics
260 ## - PUBLICATION, DISTRIBUTION, ETC. (IMPRINT)
Place of publication New Delhi
Name of publisher PHI,
Year of publication 2009
300 ## - PHYSICAL DESCRIPTION
Number of Pages 280
650 ## - SUBJECT ADDED ENTRY--TOPICAL TERM
Topical Term Management
942 ## - ADDED ENTRY ELEMENTS (KOHA)
Koha item type Books
Holdings
Lost status Damaged status Collection code Home library Current library Shelving location Date acquired Cost, normal purchase price Full call number Accession Number Koha item type
    MANAGEMENT JRU Library JRU Library SHELF-59-G 13/05/2016 195.00 338.502 465 8 2049 Books
    MANAGEMENT JRU Library JRU Library SHELF-59-G 13/05/2016 195.00 338.502 465 8 2050 Books
    MANAGEMENT JRU Library JRU Library SHELF-31-H 13/05/2016 195.00 338.502 465 8 2051 Books
    MANAGEMENT JRU Library JRU Library SHELF-59-G 13/05/2016 195.00 338.502 465 8 2052 Books
    MANAGEMENT JRU Library   SHELF-59-G 13/05/2016 195.00 338.502 465 8 2053 Books
    MANAGEMENT JRU Library JRU Library SHELF-59-G 13/05/2016 195.00 338.502 465 8 2054 Books
    Reference JRU Library   SHELF-28-E 13/05/2016 195.00 338.502 465 8 2055 Books